000 00418nam a2200169Ia 4500
001 26721
003 IN-NITTTR
005 20251114233335.0
008 251113s9999||||xx |||||||||||||| ||eng||
040 _beng
040 _cIN-NITTTR
041 _aeng
082 _a658.3 98H
100 _aAswathappa, K.
245 0 _aHuman resource and personnel management :
_b text and cases /
_cAswathappa, K.
942 _2ddc
_cBK
999 _c29350
_d29350